000 00197 a2200097 4500
001 7073
100 _aGreen, J
245 _aNATO and Europe
260 _a
_bFaberand faber
_c
090 _c5843
_d5843
942 _aNUST-CAE
_cM
_c32315
999 _c242146
_d242146